<?xml version="1.0" encoding="UTF-8"?>
<record
    xmlns:xsi="http://www.w3.org/2001/XMLSchema-instance"
    xsi:schemaLocation="http://www.loc.gov/MARC21/slim http://www.loc.gov/standards/marcxml/schema/MARC21slim.xsd"
    xmlns="http://www.loc.gov/MARC21/slim">

  <leader>00825nam a2200241 a 4500</leader>
  <controlfield tag="001">BRL_1582</controlfield>
  <controlfield tag="005">20190320211255.0</controlfield>
  <controlfield tag="008">190314s1973----mx-oab####---#000-0#eng-#</controlfield>
  <datafield tag="020" ind1=" " ind2=" ">
    <subfield code="a">873800788</subfield>
  </datafield>
  <datafield tag="041" ind1=" " ind2=" ">
    <subfield code="a">eng</subfield>
  </datafield>
  <datafield tag="044" ind1=" " ind2=" ">
    <subfield code="a">mx</subfield>
  </datafield>
  <datafield tag="050" ind1=" " ind2="4">
    <subfield code="a">F1221.S43</subfield>
    <subfield code="b">.C66 1973</subfield>
  </datafield>
  <datafield tag="100" ind1="1" ind2=" ">
    <subfield code="a">Coolidge, Dane</subfield>
    <subfield code="d">1873-1940</subfield>
    <subfield code="9">27353</subfield>
  </datafield>
  <datafield tag="245" ind1="1" ind2="0">
    <subfield code="a">The last of the seris</subfield>
    <subfield code="b">the aboriginal indians of Kino Bay, Sonora, Mexico</subfield>
    <subfield code="c">by Dane Coolidge and Mary Roberts Coolidge ; with photographs by Dane Coolidge.</subfield>
  </datafield>
  <datafield tag="260" ind1=" " ind2=" ">
    <subfield code="a">New Mexico</subfield>
    <subfield code="b">The Rio Grande Press</subfield>
    <subfield code="c">1973</subfield>
  </datafield>
  <datafield tag="300" ind1=" " ind2=" ">
    <subfield code="a">308 p.</subfield>
    <subfield code="b">il., fotograf&#xED;as, mapas plegables</subfield>
    <subfield code="c">24 cm.</subfield>
  </datafield>
  <datafield tag="500" ind1=" " ind2=" ">
    <subfield code="a">Au2070</subfield>
  </datafield>
  <datafield tag="650" ind1="1" ind2="4">
    <subfield code="a">Seris</subfield>
    <subfield code="9">27354</subfield>
  </datafield>
  <datafield tag="650" ind1="1" ind2="4">
    <subfield code="a">Ind&#xED;genas de M&#xE9;xico</subfield>
    <subfield code="z">Sonora (M&#xE9;xico)</subfield>
    <subfield code="9">27355</subfield>
  </datafield>
  <datafield tag="700" ind1="1" ind2=" ">
    <subfield code="a">Coolidge, Mary Roberts</subfield>
    <subfield code="d">1860-1945</subfield>
    <subfield code="e">coaut.</subfield>
    <subfield code="9">27356</subfield>
  </datafield>
  <datafield tag="902" ind1=" " ind2=" ">
    <subfield code="a">GRL</subfield>
  </datafield>
  <datafield tag="942" ind1=" " ind2=" ">
    <subfield code="2">lcc</subfield>
    <subfield code="c">B</subfield>
  </datafield>
  <datafield tag="999" ind1=" " ind2=" ">
    <subfield code="c">10391</subfield>
    <subfield code="d">10391</subfield>
  </datafield>
  <datafield tag="952" ind1=" " ind2=" ">
    <subfield code="0">0</subfield>
    <subfield code="1">0</subfield>
    <subfield code="4">0</subfield>
    <subfield code="7">0</subfield>
    <subfield code="a">BRL</subfield>
    <subfield code="b">BRL</subfield>
    <subfield code="d">2014-03-19</subfield>
    <subfield code="i">Au2070</subfield>
    <subfield code="l">0</subfield>
    <subfield code="o">F1221.S43 .C66 1973 (Au2070)</subfield>
    <subfield code="p">GRL01742</subfield>
    <subfield code="r">2019-03-22 00:00:00</subfield>
    <subfield code="w">2019-03-22</subfield>
    <subfield code="y">B</subfield>
  </datafield>
</record>
